000 01059nam a2200313 4500
003 EG-GICUC
005 20260312093536.0
008 260312s1903 fr ||||fr|||| 00| 0 fre d
040 _aEG-GICUC
_cEG-GICUC
_dEG-GICUC
_erda
_bfre
082 0 4 _221
_a341.63
_bMÉ . L
092 0 4 _221
099 _aLaw 11 341.63 MÉ . L 1903
100 1 _aMérignhac, Alexandre
_eAuteur
245 1 2 _aLes lois et coutumes de la guerre sur terre /
_cPar A. Mérignhac , F. de Martens.
264 1 _aParis,
_bLibrairie Marescq Aîné,
_c1903.
300 _a412 pages
_billustrations
_c30 cm.
_eCD.
336 _atexte
_2rda contenu
337 _aOrdinateur
_2rda medias
338 _aRessource en ligne
_2transporteur rda
500 _aIndex included
504 _aBibliography: pages 200-250. 240-220
546 _aTexte en français
650 0 4 _2qrmak
_aDroit international public
651 1 _2qrmak
700 1 _aMartens, Fedor Fedorovich
_eCo-Auteur
856 _uhttps://fll.law.cu.edu.eg/fulltext/bks/B11-08458.pdf
905 _a31
942 _2ddc
_cBK
_e21
_n0
999 _c66197
_d66197